[Event "World Rapid 2022"]
[Site "Almaty KAZ"]
[Date "2022.12.26"]
[Round "3.4"]
[White "Moussard, Jules"]
[Black "Fedoseev, Vladimir3"]
[Result "0-1"]
[WhiteTitle "GM"]
[BlackTitle "GM"]
[WhiteElo "2684"]
[BlackElo "2688"]
[WhiteFideId "642908"]
[BlackFideId "24130737"]
[EventDate "2022.12.26"]

1. e4 e6 2. d4 d5 3. e5 c5 4. c3 Nc6 5. Nf3 Bd7 6. Be2 Nge7 7. O-O Ng6 8. Be3
Be7 9. Re1 O-O 10. a3 a5 11. Nbd2 a4 12. g3 cxd4 13. cxd4 f6 14. exf6 Bxf6 15.
Nb1 Nge7 16. Nc3 Nf5 17. Bd3 Be8 18. Bxf5 exf5 19. Qd3 Bh5 20. Nd2 f4 21. Bxf4
Bg6 22. Qb5 Nxd4 23. Qxb7 Rf7 24. Qxd5 Nc2 25. Qxd8+ Rxd8 26. Nxa4 Nxa1 27. Rxa1
Bc2 28. Nc3 Bxc3 29. bxc3 Rxf4 30. gxf4 Rxd2 31. a4 Rd6 32. f3 Rc6 33. a5 Bd3
34. Kf2 Ba6 35. Ra3 Kf7 36. Ke3 Ke6 37. Rb3 Kd5 38. f5 Ke5 39. h4 Kxf5 40. Kd4
Rc4+ 41. Ke3 Rxh4 42. Rb6 Rh6 43. Rxh6 gxh6 44. Kf2 Kf4 45. Kg2 Bc8 46. c4 h5
47. c5 h4 48. c6 h3+ 49. Kf2 h5 50. c7 Ba6 51. Kg1 Kg3 0-1

[Event "World Rapid 2022"]
[Site "Almaty KAZ"]
[Date "2022.12.26"]
[Round "3.6"]
[White "Donchenko, Alexander"]
[Black "Giri, Anish"]
[Result "0-1"]
[WhiteTitle "GM"]
[BlackTitle "GM"]
[WhiteElo "2636"]
[BlackElo "2764"]
[WhiteFideId "24603295"]
[BlackFideId "24116068"]
[EventDate "2022.12.26"]

1. c4 Nf6 2. g3 e6 3. Bg2 d5 4. Nf3 Be7 5. d4 O-O 6. O-O dxc4 7. Qc2 a6 8. a4
Bd7 9. Rd1 Bc6 10. Bg5 Nbd7 11. Qxc4 h6 12. Bxf6 Nxf6 13. Nbd2 Rc8 14. Qc2 Bb4
15. a5 Qe7 16. e4 Rfd8 17. Ne5 Bb5 18. Nb3 c5 19. dxc5 Rxd1+ 20. Rxd1 Bxc5 21.
Nd3 Bxd3 22. Rxd3 Ng4 23. Nxc5 Rxc5 24. Rc3 Rxa5 25. Rc8+ Kh7 26. e5+ g6 27. Rc7
Qe8 28. Bxb7 Nxe5 29. Bc6 Qb8 30. Be4 Ra1+ 31. Kg2 Qb5 32. Kh3 Kg7 33. Qc3 Qf1+
34. Bg2 Qe1 35. f4 Qxc3 36. Rxc3 Nd7 37. Bc6 Nf6 38. Ra3 Rxa3 39. bxa3 Kf8 40.
Kg2 Ke7 41. Kf3 Kd6 42. Bb7 a5 43. h4 e5 44. fxe5+ Kxe5 45. Ba6 Ne4 46. Bd3 Nc5
47. Bc4 f5 48. Bf7 g5 49. hxg5 hxg5 50. Bg6 Nb7 51. Be8 Nd6 52. Bd7 Nc4 53. a4
Nb6 54. Be8 Nd5 55. Bd7 Nf6 56. Bc8 Ne4 57. Bd7 Nc5 58. Be8 Nd3 59. Bd7 Nc5 60.
Be8 Ne6 61. Bd7 Kd5 62. Ke3 Kd6 63. Bc8 Ke5 64. Bd7 Nc5 65. Be8 Ne4 66. Kf3 Kd4
67. Bd7 Nd6 68. Be6 Kc3 69. Bd7 Kb4 70. Kg2 Nc4 71. Kf2 Nb6 72. Bxf5 Nxa4 73.
Ke3 Nc5 74. Kd2 Kb3 75. Bc2+ Kb2 76. g4 Nb3+ 0-1

[Event "World Rapid 2022"]
[Site "Almaty KAZ"]
[Date "2022.12.26"]
[Round "3.7"]
[White "Sindarov, Javokhir"]
[Black "Van Foreest, Jorden"]
[Result "0-1"]
[WhiteTitle "GM"]
[BlackTitle "GM"]
[WhiteElo "2654"]
[BlackElo "2690"]
[WhiteFideId "14205483"]
[BlackFideId "1039784"]
[EventDate "2022.12.26"]

1. e4 e5 2. Nf3 Nc6 3. Bc4 Nf6 4. d3 h6 5. a4 d6 6. a5 a6 7. c3 g6 8. Qb3 Qe7 9.
O-O Bg7 10. Re1 O-O 11. Nbd2 Kh7 12. Nf1 Rb8 13. Ne3 Be6 14. Nd5 Qd8 15. Nxf6+
Qxf6 16. Bxe6 fxe6 17. Be3 g5 18. h3 Qg6 19. Qd1 Rf7 20. b4 Rbf8 21. Nh2 h5 22.
Rb1 d5 23. Bc5 Rd8 24. Qa4 g4 25. hxg4 hxg4 26. Qd1 dxe4 27. Rxe4 Rf4 28. Re3 e4
29. g3 Rf7 30. Rxe4 Qxe4 31. dxe4 Rxd1+ 32. Rxd1 Bxc3 33. Nxg4 Nxb4 34. Rc1 Bd2
35. Rd1 Bc3 36. Rb1 Nd3 37. Be3 Nb2 38. Bc1 Nd3 39. Be3 Nb2 40. Kg2 Rd7 41. Rh1+
Kg8 42. e5 Rg7 43. Nf6+ Kf7 44. f4 Nc4 45. Bc5 Bxa5 46. Rh8 b6 47. Bf8 Rg6 48.
Bh6 Ke7 49. Bf8+ Kf7 50. Bh6 Ke7 51. Bg5 Kf7 52. Ng4 Rg7 53. Nh6+ Kg6 54. Re8 b5
55. Rxe6+ Kh7 56. Nf5 Rf7 57. Rh6+ Kg8 58. Bf6 Rh7 59. Ne7+ Rxe7 60. Bxe7 b4 61.
Kf3 b3 62. Bf6 Bc3 63. e6 Bxf6 64. Rxf6 Nd2+ 65. Ke3 Ne4 66. Rh6 b2 67. e7 Kf7
68. Rh8 Kxe7 69. Rb8 Nc3 70. Kd3 b1=Q+ 71. Rxb1 Nxb1 72. Kc4 Nd2+ 73. Kd4 0-1

[Event "World Rapid 2022"]
[Site "Almaty KAZ"]
[Date "2022.12.26"]
[Round "3.8"]
[White "Abdusattorov, Nodirbek"]
[Black "Demchenko, Anton"]
[Result "1-0"]
[WhiteTitle "GM"]
[BlackTitle "GM"]
[WhiteElo "2713"]
[BlackElo "2632"]
[WhiteFideId "14204118"]
[BlackFideId "4160258"]
[EventDate "2022.12.26"]

1. c4 Nf6 2. Nc3 d6 3. g3 g6 4. Bg2 Bg7 5. d4 O-O 6. Nf3 Nbd7 7. O-O e5 8. Qc2
exd4 9. Nxd4 Nb6 10. Rd1 Nxc4 11. Ncb5 a6 12. Qxc4 axb5 13. Nxb5 Ne8 14. Nc3 c6
15. Be3 Qa5 16. Qb3 Qh5 17. Bf3 Qh3 18. Bg5 d5 19. Be7 Nf6 20. Bxf8 Bxf8 21. Qb6
Nd7 22. Qc7 Nc5 23. Qf4 Ne6 24. Qd2 Bh6 25. Bg4 Qxg4 26. Qxh6 Ng5 27. h4 Ne6 28.
Qe3 b5 29. Qe5 b4 30. Nb1 Bb7 31. Nd2 c5 32. a3 Re8 33. axb4 Qxb4 34. Nf3 d4 35.
Ng5 Qb5 36. Ne4 Bxe4 37. Qxe4 Qxb2 38. Rdb1 Qd2 39. Ra7 c4 40. Qc6 Rd8 41. Qxc4
d3 42. exd3 Qxd3 43. Qxd3 Rxd3 44. Kg2 Rd5 45. Rbb7 Rf5 46. Ra3 Rd5 47. Rf3 Nd8
48. Rbb3 Nc6 49. Rfc3 Ne5 50. Rb7 h5 51. Rcc7 Ra5 52. Re7 Rc5 53. Kf1 Rc1+ 54.
Ke2 Rc2+ 55. Kd1 Rc5 56. f4 Rd5+ 57. Ke2 Nc4 58. Rxf7 Nd6 59. Rfd7 1-0

[Event "World Rapid 2022"]
[Site "Almaty KAZ"]
[Date "2022.12.26"]
[Round "3.9"]
[White "Amin, Bassem"]
[Black "Shankland, Sam"]
[Result "1/2-1/2"]
[WhiteTitle "GM"]
[BlackTitle "GM"]
[WhiteElo "2682"]
[BlackElo "2710"]
[WhiteFideId "10601457"]
[BlackFideId "2004887"]
[EventDate "2022.12.26"]

1. Nf3 d5 2. g3 g6 3. c4 dxc4 4. Na3 Bg7 5. Nxc4 Nc6 6. d3 e5 7. Bd2 Nh6 8. b4
O-O 9. Bg2 Re8 10. O-O Nf5 11. Rc1 Rb8 12. a4 b6 13. Bg5 f6 14. Bd2 Bb7 15. b5
Nce7 16. Qb3 Kh8 17. e4 Nd6 18. Nxd6 cxd6 19. d4 Bxe4 20. dxe5 dxe5 21. Rfd1 Qd5
22. Qa3 Rbd8 23. h4 Nf5 24. Kh2 Qb7 25. Bb4 h5 26. Re1 Rd3 27. Qxd3 Bxd3 28.
Nxe5 Qxg2+ 29. Kxg2 fxe5 30. Rc7 a6 31. Rd7 Bc4 32. bxa6 Bxa6 33. Rc1 Bc8 34.
Ra7 Be6 35. Rcc7 Rd8 36. Bc3 Kg8 37. Kf1 Bd5 38. Rd7 Bc4+ 39. Ke1 Re8 40. Rab7
Be6 41. Rdc7 Bf8 42. Rxb6 Nd4 43. a5 Bf5 44. a6 Rd8 45. Bxd4 exd4 46. a7 d3 47.
Kd2 Re8 48. Rb8 Re2+ 49. Kd1 Bg4 50. Rxf8+ Kxf8 51. a8=Q+ Re8+ 52. f3 Rxa8 53.
fxg4 hxg4 54. Rc4 Kg7 1/2-1/2

[Event "World Rapid 2022"]
[Site "Almaty KAZ"]
[Date "2022.12.26"]
[Round "3.11"]
[White "Nihal, Sarin"]
[Black "Quparadze, Giga"]
[Result "1-0"]
[WhiteTitle "GM"]
[BlackTitle "GM"]
[WhiteElo "2670"]
[BlackElo "2470"]
[WhiteFideId "25092340"]
[BlackFideId "13602250"]
[EventDate "2022.12.26"]

1. e4 c5 2. Nf3 e6 3. g3 Nc6 4. Bg2 Nf6 5. Qe2 e5 6. O-O g6 7. c3 d6 8. Rd1 Bg4
9. d3 Bg7 10. h3 Bxf3 11. Qxf3 O-O 12. a4 Ne8 13. Na3 Nc7 14. h4 f5 15. exf5
Rxf5 16. Qe2 Rf8 17. h5 d5 18. hxg6 hxg6 19. Nb5 Ne6 20. Qg4 Rf6 21. c4 Ne7 22.
Nc3 d4 23. Nd5 Rf5 24. Be4 Nxd5 25. Qxg6 Rf7 26. cxd5 Nf8 27. Qh5 Qf6 28. Rf1
Qd6 29. Bg5 Bf6 30. f4 Bxg5 31. fxg5 Qe7 32. d6 Qe6 33. Rxf7 Qxf7 34. g6 Qe6 35.
Rf1 1-0

[Event "World Rapid 2022"]
[Site "Almaty KAZ"]
[Date "2022.12.26"]
[Round "3.12"]
[White "Rapport, Richard"]
[Black "Aravindh, Chithambaram VR."]
[Result "1-0"]
[WhiteTitle "GM"]
[BlackTitle "GM"]
[WhiteElo "2740"]
[BlackElo "2607"]
[WhiteFideId "738590"]
[BlackFideId "5072786"]
[EventDate "2022.12.26"]

1. e4 e5 2. Bc4 Nf6 3. d3 c6 4. Nf3 d5 5. Bb3 a5 6. a4 Bb4+ 7. c3 Bd6 8. exd5
cxd5 9. Bg5 Be6 10. Na3 Nbd7 11. Nb5 Bb8 12. Bh4 Ra6 13. d4 e4 14. Nd2 Bf4 15.
Nf1 Kf8 16. Ne3 g5 17. Bg3 h5 18. h4 Bxg3 19. fxg3 Qb8 20. Nf1 Bg4 21. Qc1 e3
22. hxg5 e2 23. gxf6 Rxf6 24. Ne3 Qxg3+ 25. Kd2 Re6 26. Qg1 Nf6 27. Bc2 Rg8 28.
Re1 Rg5 29. Bd3 h4 30. Na3 Bh5 31. Nac2 Qf4 32. Qh2 Rg3 33. Qxh4 Qf2 34. Rxe2
Bxe2 35. Bxe2 Rexe3 36. Qh6+ Ke7 37. Nxe3 Ne4+ 38. Kd3 Ng5 39. Bf3 Nxf3 40. Nf5+
Ke8 41. Nxg3 Qxg2 42. Qe3+ Kd7 43. Rf1 1-0

[Event "World Rapid 2022"]
[Site "Almaty KAZ"]
[Date "2022.12.26"]
[Round "3.13"]
[White "Nepomniachtchi, Ian"]
[Black "Sjugirov, Sanan"]
[Result "1-0"]
[WhiteTitle "GM"]
[BlackTitle "GM"]
[WhiteElo "2793"]
[BlackElo "2712"]
[WhiteFideId "4168119"]
[BlackFideId "4189302"]
[EventDate "2022.12.26"]

1. c4 c6 2. Nf3 d5 3. d4 Nf6 4. e3 Bf5 5. Nc3 e6 6. Nh4 Bg6 7. Be2 Nbd7 8. O-O
Be7 9. Nxg6 hxg6 10. g3 O-O 11. b3 Qa5 12. Bd2 Qc7 13. Rc1 Rac8 14. Bf3 Qb8 15.
Qe2 Rfd8 16. Rfd1 a6 17. Be1 Qa7 18. Bg2 b5 19. c5 e5 20. b4 a5 21. bxa5 exd4
22. exd4 Re8 23. Qd3 Bd8 24. a4 b4 25. Na2 Bxa5 26. Bxb4 Bxb4 27. Nxb4 Qxa4 28.
Na6 Qa5 29. Ra1 Qd8 30. Nb4 Qc7 31. Bh3 Ra8 32. Na6 Qd8 33. Nb4 Qc7 34. f3 Qb7
35. Qd2 Nf8 36. Rab1 Reb8 37. Qe1 Qc7 38. Qe5 Qb7 39. Bf1 Ra3 40. Bd3 Re8 41.
Qd6 Re6 42. Qd8 Ra8 43. Qb6 Qd7 44. Na6 Rc8 45. Qb7 Re7 46. Qxd7 N6xd7 47. Rb7
Ne6 48. Bf1 Kf8 49. Nb4 Nd8 50. Ra7 Nf6 51. Ra4 Rb8 52. Nd3 Nd7 53. Kf2 Ne6 54.
h4 Ree8 55. Rd2 Rb3 56. Bh3 Nf6 57. Bxe6 Rxe6 58. Ra8+ Ne8 59. Ne5 Rb7 60. Rda2
Rc7 61. R2a7 Rxa7 62. Rxa7 f6 63. Nxg6+ Kg8 64. Re7 1-0

[Event "World Rapid 2022"]
[Site "Almaty KAZ"]
[Date "2022.12.26"]
[Round "3.15"]
[White "Predke, Alexandr"]
[Black "Mamedyarov, Shakhriyar"]
[Result "1/2-1/2"]
[WhiteTitle "GM"]
[BlackTitle "GM"]
[WhiteElo "2684"]
[BlackElo "2740"]
[WhiteFideId "24107581"]
[BlackFideId "13401319"]
[EventDate "2022.12.26"]

1. Nf3 Nf6 2. c4 g6 3. Nc3 d5 4. cxd5 Nxd5 5. e4 Nxc3 6. bxc3 Bg7 7. h4 c5 8. h5
Nc6 9. Bb5 O-O 10. h6 Bf6 11. Bxc6 bxc6 12. e5 Ba6 13. d3 Bxd3 14. exf6 exf6 15.
Be3 Re8 16. Qa4 Rb8 17. Rd1 Rb2 18. Rd2 Rb1+ 19. Rd1 Rb2 20. Rd2 Rb1+ 21. Rd1
Re4 22. Qxa7 Rxd1+ 23. Kxd1 Ra4 24. Qxc5 Rxa2 25. Qd4 1/2-1/2

[Event "World Rapid 2022"]
[Site "Almaty KAZ"]
[Date "2022.12.26"]
[Round "3.17"]
[White "Riazantsev, Alexander"]
[Black "Matlakov, Maxim"]
[Result "1/2-1/2"]
[WhiteTitle "GM"]
[BlackTitle "GM"]
[WhiteElo "2626"]
[BlackElo "2662"]
[WhiteFideId "4125029"]
[BlackFideId "4168003"]
[EventDate "2022.12.26"]

1. d4 Nf6 2. Nf3 d5 3. Bf4 e6 4. e3 Bd6 5. Bxd6 Qxd6 6. c4 dxc4 7. Nc3 O-O 8.
Bxc4 c5 9. Rc1 cxd4 10. Qxd4 Qe7 11. O-O Nc6 12. Qh4 Rd8 13. a3 b6 14. Ba2 Bb7
15. Bb1 h6 16. Ne4 Rac8 17. Nxf6+ 1/2-1/2

[Event "World Rapid 2022"]
[Site "Almaty KAZ"]
[Date "2022.12.26"]
[Round "3.18"]
[White "Vidit, Santosh Gujrathi"]
[Black "Ponkratov, Pavel"]
[Result "1-0"]
[WhiteTitle "GM"]
[BlackTitle "GM"]
[WhiteElo "2730"]
[BlackElo "2577"]
[WhiteFideId "5029465"]
[BlackFideId "4157800"]
[EventDate "2022.12.26"]

1. d4 Nf6 2. c4 e6 3. Nf3 d5 4. g3 dxc4 5. Bg2 Nc6 6. Qa4 Bd7 7. Qxc4 Na5 8. Qd3
c5 9. dxc5 Bxc5 10. Ne5 Qc7 11. Bf4 Bb4+ 12. Nc3 Nh5 13. Rc1 Nxf4 14. gxf4 Nc6
15. Qc4 Rc8 16. O-O Bxc3 17. Rxc3 O-O 18. Rfc1 Qd8 19. Nxd7 Qxd7 20. Qa4 g6 21.
e3 Rfd8 22. Bxc6 bxc6 23. Rxc6 Rxc6 24. Qxc6 Qd2 25. Qc7 Rd5 26. Qc2 Qa5 27. a3
Rd2 28. Qc8+ Kg7 29. Qc3+ Qxc3 30. Rxc3 Rxb2 31. Rc7 a6 32. Rc6 h6 33. Rxa6 g5
34. fxg5 hxg5 35. a4 Ra2 36. a5 Kg6 37. Ra7 e5 38. a6 e4 39. Kg2 f5 40. Kg3 Ra3
41. Ra8 f4+ 42. Kg4 fxe3 43. fxe3 Ra5 44. a7 Kg7 45. Kh5 Kh7 46. Kg4 Kg7 47. h3
Kh7 48. Re8 Rxa7 49. Kxg5 Ra5+ 50. Kf4 Kg6 51. Re6+ Kf7 52. Re5 Ra1 53. h4 Rh1
54. h5 Rh4+ 55. Kg5 Rh1 56. Rxe4 Rh3 57. Rf4+ Ke6 58. e4 Rg3+ 59. Rg4 Rh3 60.
Kg6 1-0

[Event "World Rapid 2022"]
[Site "Almaty KAZ"]
[Date "2022.12.26"]
[Round "3.19"]
[White "Murzin, Volodar"]
[Black "Cheparinov, Ivan"]
[Result "1/2-1/2"]
[WhiteTitle "GM"]
[BlackTitle "GM"]
[WhiteElo "2561"]
[BlackElo "2688"]
[WhiteFideId "44155573"]
[BlackFideId "2905540"]
[EventDate "2022.12.26"]

1. e4 c5 2. Nf3 d6 3. Bb5+ Bd7 4. Bxd7+ Qxd7 5. O-O Nf6 6. Qe2 Nc6 7. b3 g6 8.
Bb2 Bg7 9. d4 Nh5 10. Qe3 Qg4 11. h3 Qf4 12. Nbd2 cxd4 13. Nxd4 Qxe3 14. fxe3
Rc8 15. Rfc1 Ne5 16. Rab1 O-O 17. N4f3 Nxf3+ 18. gxf3 Bxb2 19. Rxb2 Rc3 20. Nb1
Rc5 21. c4 f5 22. Nc3 f4 23. Nd5 fxe3 24. b4 Rxd5 25. exd5 Rxf3 26. c5 Rf8 27.
Re2 Nf4 28. Rxe3 Nxd5 29. Re4 dxc5 30. Rxc5 Rf5 31. Rc8+ Kf7 32. Ra8 Nf4 33. h4
Nh3+ 34. Kg2 Nf4+ 35. Kh2 a6 36. Rh8 Kg7 37. Rb8 Nd5 38. Kg3 b5 39. Ra8 Rf6 40.
Rd8 Rf5 41. Ra8 Rf6 42. Rd8 Rf5 43. Re6 Kf7 44. Rxa6 Nxb4 45. Raa8 Rc5 46. Rf8+
Ke6 47. Rf3 Nd5 48. Ra6+ Ke5 49. Rf7 Rc3+ 50. Rf3 Rc4 51. Rf7 Rc3+ 52. Kf2 Rc2+
53. Kf3 Kd4 54. Rxh7 e5 55. Rd7 e4+ 56. Kg3 Rc3+ 57. Kg4 Ke5 58. Rxg6 Nf6+ 59.
Rxf6 Kxf6 60. Kf4 e3 61. Kf3 Ke5 1/2-1/2

[Event "World Rapid 2022"]
[Site "Almaty KAZ"]
[Date "2022.12.26"]
[Round "3.20"]
[White "Yudin, Sergei"]
[Black "Harikrishna, Pentala"]
[Result "1/2-1/2"]
[WhiteTitle "GM"]
[BlackTitle "GM"]
[WhiteElo "2469"]
[BlackElo "2705"]
[WhiteFideId "4159659"]
[BlackFideId "5007003"]
[EventDate "2022.12.26"]

1. e4 c5 2. Nf3 e6 3. c3 Nf6 4. e5 Nd5 5. g3 Nc6 6. Bg2 d6 7. exd6 Bxd6 8. O-O
O-O 9. d4 cxd4 10. Nxd4 Nxd4 11. Qxd4 Qc7 12. Nd2 Rd8 13. Qc4 Rb8 14. Qxc7 Bxc7
15. Nb3 Bd7 16. Bxd5 exd5 17. Be3 a5 18. Rad1 a4 19. Nc5 Bb5 20. Rfe1 b6 21. Nd3
a3 22. b3 Bd6 23. Bf4 Bxd3 24. Bxd6 Rxd6 25. Rxd3 Kf8 26. c4 d4 27. Red1 Rbd8
28. b4 Ra8 29. Rxd4 Rxd4 30. Rxd4 Ra4 31. b5 Ke7 32. Kf1 Ke6 33. Ke2 Rb4 34. Kd3
Rb2 35. Rd8 Rxf2 36. Rb8 Ke5 37. Rxb6 Rxa2 38. Ra6 f5 39. Kc3 g5 40. b6 Rb2 41.
c5 Kd5 42. Rxa3 Rb5 43. Rb3 Rxc5+ 44. Kd3 Rc8 45. Rb5+ Ke6 46. b7 Rb8 47. Kd4
Kd6 48. Rb6+ Kc7 49. Rf6 Rxb7 50. Rxf5 Kd6 51. Rxg5 1/2-1/2

[Event "World Rapid 2022"]
[Site "Almaty KAZ"]
[Date "2022.12.26"]
[Round "3.21"]
[White "Salem, A.R. Saleh"]
[Black "Indjic, Aleksandar"]
[Result "1-0"]
[WhiteTitle "GM"]
[BlackTitle "GM"]
[WhiteElo "2677"]
[BlackElo "2636"]
[WhiteFideId "9301348"]
[BlackFideId "911925"]
[EventDate "2022.12.26"]

1. d4 Nf6 2. c4 e6 3. Nc3 d5 4. cxd5 exd5 5. Bg5 Bb4 6. e3 h6 7. Bh4 g5 8. Bg3
Ne4 9. a3 Bxc3+ 10. bxc3 h5 11. f3 Nxg3 12. hxg3 Qd6 13. g4 h4 14. Nh3 Qe7 15.
Bd3 Qxe3+ 16. Kf1 Qe7 17. Qd2 Rg8 18. Kf2 Be6 19. Rab1 c6 20. Rhe1 b6 21. Bf5
Kd8 22. Rxe6 fxe6 23. Re1 Qd6 24. Rxe6 Qg3+ 25. Kg1 Nd7 26. Nxg5 Kc7 27. Re7
Rad8 28. Ne6+ Kd6 29. Rh7 Rde8 30. Qe3 Nf6 31. Rh6 Kd7 32. Rxf6 h3 33. Rf7+ Kc8
34. Nf8+ 1-0

[Event "World Rapid 2022"]
[Site "Almaty KAZ"]
[Date "2022.12.26"]
[Round "3.22"]
[White "Svane, Rasmus"]
[Black "Ghasi, Ameet K"]
[Result "1-0"]
[WhiteTitle "GM"]
[BlackTitle "IM"]
[WhiteElo "2622"]
[BlackElo "2471"]
[WhiteFideId "4657101"]
[BlackFideId "409200"]
[EventDate "2022.12.26"]

1. Nf3 Nf6 2. g3 g6 3. Bg2 Bg7 4. O-O O-O 5. d4 c6 6. a4 a5 7. Re1 d5 8. Bf4 Bf5
9. Nbd2 Na6 10. c3 Qb6 11. Ra3 Rfd8 12. Nh4 Be6 13. Qb3 Qa7 14. Nhf3 h6 15. h3
Rac8 16. Be5 c5 17. e3 Nb8 18. Bxb8 Rxb8 19. Raa1 Ne4 20. Qa3 Nxd2 21. Nxd2 Rbc8
22. Rad1 b6 23. Kh2 Qc7 24. Qb3 h5 25. Kg1 Rb8 26. Nb1 Qd7 27. h4 b5 28. dxc5
bxa4 29. Qa3 Rb3 30. Qa1 Qb5 31. Rd2 Rc8 32. e4 Qxc5 33. Qxa4 Rcb8 34. exd5 Bf5
35. Qc6 Qd6 36. Na3 Bd7 37. Qxd6 exd6 38. Nc4 Bf6 39. Nxa5 Rxb2 40. Rxb2 Rxb2
41. Nc4 Rc2 42. Nxd6 Bxc3 43. Re7 Bg4 44. Nxf7 Bb4 45. Nh6+ Kf8 46. Rf7+ Ke8 47.
Be4 Rc1+ 48. Kg2 Be2 49. Bxg6 Kd8 50. Rf5 Bf1+ 51. Kh2 Bd3 52. Rg5 Bc4 53. Rxh5
Be2 54. Re5 Bf3 55. g4 Bd2 56. Kg3 Rc3 57. Nf7+ Kc7 58. d6+ Kb6 59. h5 Be4+ 60.
Kh4 Bg2 61. g5 Rc1 62. d7 Rc4+ 63. Kg3 1-0

[Event "World Rapid 2022"]
[Site "Almaty KAZ"]
[Date "2022.12.26"]
[Round "3.24"]
[White "Andreikin, Dmitry"]
[Black "Urazayev, Arystanbek"]
[Result "0-1"]
[WhiteTitle "GM"]
[BlackTitle "IM"]
[WhiteElo "2729"]
[BlackElo "2465"]
[WhiteFideId "4158814"]
[BlackFideId "13709810"]
[EventDate "2022.12.26"]

1. Nf3 d5 2. g3 b6 3. Bg2 Bb7 4. O-O Nd7 5. d3 Ngf6 6. a4 a6 7. Nc3 e6 8. Bf4
Be7 9. e4 dxe4 10. Nd2 O-O 11. dxe4 e5 12. Be3 Bc5 13. Nc4 Bxe3 14. Nxe3 Nc5 15.
Re1 Nfxe4 16. Nxe4 Bxe4 17. Bxe4 Nxe4 18. Nc4 Ng5 19. Nxe5 Re8 20. f4 Qe7 21.
Kg2 Ne6 22. c3 f6 23. Nc6 Qf7 24. Qf3 Rac8 25. b4 Nf8 26. a5 b5 27. Rad1 h6 28.
h4 Ng6 29. h5 Nf8 30. f5 Nh7 31. Rxe8+ Rxe8 32. Qd5 Ng5 33. Qxf7+ Kxf7 34. Rd7+
Kf8 35. Rxc7 Re2+ 36. Kf1 Rd2 37. Nd4 Ke8 38. Ra7 Ne4 39. Ke1 Rb2 40. Rxa6 Nxc3
41. Ra8+ Kd7 42. Rg8 Rxb4 43. a6 Rxd4 44. a7 Rd1+ 45. Kf2 Ra1 46. a8=Q Rxa8 47.
Rxa8 Kd6 48. Ra7 b4 49. Ke3 b3 50. Rxg7 b2 51. Rb7 b1=Q 52. Rxb1 Nxb1 53. Kd3
Ke5 0-1

[Event "World Rapid 2022"]
[Site "Almaty KAZ"]
[Date "2022.12.26"]
[Round "3.25"]
[White "Sarana, Alexey"]
[Black "Lazavik, Denis"]
[Result "1/2-1/2"]
[WhiteTitle "GM"]
[BlackTitle "GM"]
[WhiteElo "2668"]
[BlackElo "2537"]
[WhiteFideId "24133795"]
[BlackFideId "13515110"]
[EventDate "2022.12.26"]

1. d4 Nf6 2. c4 e6 3. Nc3 Bb4 4. e3 O-O 5. Bd3 c5 6. Ne2 cxd4 7. exd4 d5 8. c5
b6 9. a3 Bxc3+ 10. Nxc3 a5 11. O-O Ba6 12. Bf4 bxc5 13. dxc5 Bxd3 14. Qxd3 a4
15. Bd6 Re8 16. Nb5 Na6 17. Rac1 Ne4 18. Rc2 Qa5 19. Rfc1 Red8 20. h3 h6 21. Bf4
e5 22. Bxe5 Naxc5 23. Rxc5 Nxc5 24. Qg3 Ne6 25. Nd4 Qd2 26. Nxe6 Qxc1+ 27. Kh2
g5 28. Qf3 fxe6 29. Qf6 Rd7 30. Qxe6+ Rf7 31. Qg6+ Kf8 32. Qxh6+ Ke8 33. Qe6+
Kf8 34. Qh6+ Ke8 35. Qe6+ 1/2-1/2

[Event "World Rapid 2022"]
[Site "Almaty KAZ"]
[Date "2022.12.26"]
[Round "3.26"]
[White "Gareyev, Timur"]
[Black "Nguyen, Thai Dai Van"]
[Result "1-0"]
[WhiteTitle "GM"]
[BlackTitle "GM"]
[WhiteElo "2602"]
[BlackElo "2656"]
[WhiteFideId "14200937"]
[BlackFideId "358878"]
[EventDate "2022.12.26"]

1. d4 Nf6 2. c4 e6 3. Nc3 Bb4 4. Qc2 O-O 5. a3 Bxc3+ 6. Qxc3 b6 7. Nf3 Bb7 8. g3
c5 9. dxc5 bxc5 10. Bg2 a5 11. O-O d6 12. Rd1 Qe7 13. Bf4 Ra6 14. b4 axb4 15.
axb4 Ne4 16. Qb2 cxb4 17. Qxb4 Nc6 18. Qb2 Rxa1 19. Rxa1 Qc7 20. Nd2 Nc5 21. Ne4
Nxe4 22. Bxe4 e5 23. Be3 Rb8 24. Qb6 Qc8 25. Bd5 h6 26. h4 Nd4 27. Rb1 Nxe2+ 28.
Kh2 Nc3 29. Bxb7 Qxc4 30. Qxd6 Re8 31. Qb4 Qxb4 32. Rxb4 Rd8 33. Bf3 Nd5 34.
Bxd5 Rxd5 35. g4 Rd7 36. Kg3 f6 37. h5 Kh7 38. Kf3 Rf7 39. Ke4 g6 40. hxg6+ Kxg6
41. Rb8 Rh7 42. Kd5 h5 43. gxh5+ Rxh5 44. Ke6 Kg7 45. Rb7+ Kg6 46. Rf7 1-0

[Event "World Rapid 2022"]
[Site "Almaty KAZ"]
[Date "2022.12.26"]
[Round "3.27"]
[White "Paravyan, David"]
[Black "Utegaliyev, Azamat"]
[Result "1/2-1/2"]
[WhiteTitle "GM"]
[WhiteElo "2586"]
[BlackElo "2445"]
[WhiteFideId "4194985"]
[BlackFideId "13702467"]
[EventDate "2022.12.26"]

1. e4 c5 2. Nf3 e6 3. d4 cxd4 4. Nxd4 a6 5. Bd3 Qc7 6. O-O Nf6 7. Qe2 d6 8. c4
g6 9. Nc3 Bg7 10. Be3 O-O 11. h3 Nc6 12. Nxc6 bxc6 13. Qd2 c5 14. Bh6 Bb7 15.
Bxg7 Kxg7 16. Rad1 Rad8 17. Bc2 d5 18. cxd5 exd5 19. exd5 Nxd5 20. Nxd5 Bxd5 21.
Qc3+ Kg8 22. Rd3 Be6 23. Re1 Qf4 24. b3 c4 25. bxc4 Qxc4 26. Qxc4 Bxc4 27. Rxd8
Rxd8 28. Bb3 Bxb3 29. axb3 Rb8 30. Ra1 Rxb3 31. Rxa6 1/2-1/2

[Event "World Rapid 2022"]
[Site "Almaty KAZ"]
[Date "2022.12.26"]
[Round "3.29"]
[White "Najer, Evgeniy"]
[Black "Sankalp, Gupta"]
[Result "1/2-1/2"]
[WhiteTitle "GM"]
[BlackTitle "GM"]
[WhiteElo "2662"]
[BlackElo "2485"]
[WhiteFideId "4118987"]
[BlackFideId "5097010"]
[EventDate "2022.12.26"]

1. d4 Nf6 2. c4 e6 3. Nc3 Bb4 4. e3 O-O 5. Bd2 d5 6. Nf3 b6 7. cxd5 exd5 8. Rc1
Be7 9. Bd3 c5 10. Ne5 Bb7 11. O-O Nc6 12. Be1 Bd6 13. f4 cxd4 14. Nxc6 Bxc6 15.
Ne2 Bd7 16. Nxd4 Re8 17. Bd2 Bc5 18. Qf3 Bxd4 19. exd4 Ne4 20. Be3 Qf6 21. Rfe1
g6 22. Bf2 Bf5 23. Bb5 Re6 24. Bd7 Rd6 25. Ba4 h5 26. h3 Re6 27. Bd7 Rd6 28. Ba4
a6 29. Kh2 b5 30. Bc2 Re6 31. Bxe4 Bxe4 32. Qg3 Rae8 33. Qg5 Qxg5 34. fxg5 Bf5
35. Rxe6 Rxe6 36. Bg3 Re2 37. Re1 Rxe1 1/2-1/2

[Event "World Rapid 2022"]
[Site "Almaty KAZ"]
[Date "2022.12.26"]
[Round "3.30"]
[White "Esipenko, Andrey"]
[Black "Khusenkhojaev, Mustafokhuja"]
[Result "1-0"]
[WhiteTitle "GM"]
[WhiteElo "2678"]
[BlackElo "2265"]
[WhiteFideId "24175439"]
[BlackFideId "14700727"]
[EventDate "2022.12.26"]

1. e4 e5 2. Nf3 Nc6 3. Bb5 a6 4. Ba4 Nf6 5. O-O Be7 6. Re1 b5 7. Bb3 d6 8. c3
O-O 9. h3 Bb7 10. d4 Re8 11. Nbd2 Bf8 12. a3 h6 13. Bc2 Nb8 14. b3 Nbd7 15. Bb2
g6 16. a4 Bg7 17. Bd3 c6 18. Qc2 Qc7 19. dxe5 dxe5 20. b4 bxa4 21. Rxa4 c5 22.
Qb3 a5 23. Rxa5 Rxa5 24. bxa5 Qxa5 25. Bc4 Rf8 26. Bxf7+ Rxf7 27. Qxb7 Nh5 28.
Ra1 Qb6 29. Qxb6 Nxb6 30. c4 Nd7 31. g3 g5 32. Ra6 Bf6 33. Nf1 Ng7 34. Ne3 Re7
35. Nd5 Re6 36. Ra7 Nb6 37. Nxf6+ Rxf6 38. Nxe5 Ne6 39. Rb7 Nd4 40. Bxd4 cxd4
41. c5 Re6 42. cxb6 Rxe5 43. Rd7 1-0